Statistics for Geographic Groups of Seven #1

Click here to take the quiz!

General Stats

  • This quiz has been taken 57,632 times
    (23,079 since last reset)
  • The average score is 40 of 56

Answer Stats

Group Answer % Correct
ContinentsNorth America
99%
ContinentsEurope
99%
ContinentsAsia
99%
ContinentsSouth America
99%
ContinentsAfrica
98%
ContinentsAustralia
97%
Most-spoken Germanic languagesGerman
95%
ContinentsAntarctica
95%
U.S. states with more than 11 million peopleNew York
94%
U.S. states with more than 11 million peopleCalifornia
94%
Countries ending in "Stan"Afghanistan
93%
U.S. states with more than 11 million peopleTexas
92%
Countries ending in "Stan"Pakistan
92%
Countries ending in "Stan"Kazakhstan
91%
Countries ending in "Stan"Uzbekistan
90%
Countries ending in "Stan"Turkmenistan
89%
U.S. states with more than 11 million peopleFlorida
89%
Countries on the North SeaUnited Kingdom
88%
Cities of ScotlandEdinburgh
85%
Countries formerly in YugoslaviaCroatia
85%
Countries ending in "Stan"Tajikistan
85%
Countries on the North SeaDenmark
85%
Countries on the North SeaNorway
85%
Countries formerly in YugoslaviaSerbia
85%
Countries ending in "Stan"Kyrgyzstan
84%
Countries formerly in YugoslaviaBosnia and Herzegovina
84%
Countries on the North SeaNetherlands
83%
Countries formerly in YugoslaviaSlovenia
82%
Cities of ScotlandGlasgow
81%
Countries on the North SeaBelgium
81%
Countries on the North SeaFrance
80%
Countries formerly in YugoslaviaKosovo
79%
Countries formerly in YugoslaviaMontenegro
78%
Countries formerly in YugoslaviaNorth Macedonia
78%
Countries on the North SeaGermany
76%
Most-spoken Germanic languagesEnglish
74%
Emirates of the UAEDubai
73%
Most-spoken Germanic languagesDutch
71%
U.S. states with more than 11 million peopleIllinois
68%
Most-spoken Germanic languagesSwedish
63%
Emirates of the UAEAbu Dhabi
62%
U.S. states with more than 11 million peoplePennsylvania
61%
Cities of ScotlandAberdeen
59%
Most-spoken Germanic languagesDanish
59%
U.S. states with more than 11 million peopleOhio
58%
Most-spoken Germanic languagesNorwegian
55%
Cities of ScotlandInverness
45%
Cities of ScotlandDundee
37%
Cities of ScotlandPerth
26%
Cities of ScotlandStirling
19%
Most-spoken Germanic languagesAfrikaans
18%
Emirates of the UAESharjah
14%
Emirates of the UAEFujairah
8%
Emirates of the UAERas al-Khaimah
8%
Emirates of the UAEAjman
7%
Emirates of the UAEUmm al-Quwain
7%

Score Distribution

Percentile by Number Answered

Percent of People with Each Score

Your Score History

You have not taken this quiz since the last reset